Geography Quiz

Random Geography or State Quiz

Largest School District per State Quiz Stats

 Plays Quiz not verified by Sporcle

Challenge
Share
Tweet
Embed
Score 0/50 Timer 10:00
0 Plays Today
Enrollment School District % Correct
670,746Los Angeles
97.8%
1,100,000New York City
97.1%
407,157Chicago
96.4%
202,773Houston
86.9%
165,694Philadelphia
71.5%
6,906Portland
69.3%
45,748Portland
69.3%
46,522Seattle
69.3%
90,499Detroit
67.2%
345,804Dade
66.4%
55,371Boston
66.4%
109,300Memphis
66.4%
39,443Newark
64.2%
82,096Milwaukee
63.5%
42,549Oklahoma City
62.8%
52,810Columbus
60.6%
23,847Providence
60.6%
49,592 Anchorage
59.9%
25,837Little Rock
59.9%
26,311St. Louis
59.9%
48,692Omaha
59.9%
33,372Indianapolis
58.4%
32,749Des Moines
56.9%
96,572Albuquerque
56.9%
3,544Burlington
54.7%
Enrollment School District % Correct
48,324Wichita
54%
21,216Hartford
53.3%
180,196Hawaii
51.8%
15,675Billings
51.1%
141,722Montgomery County
48.9%
20,843Sioux Falls
48.2%
14,899Manchester
47.4%
307,059Clark County
46%
171,956Fairfax County
37.2%
86,282Jefferson County
34.3%
98,808Jefferson County
34.3%
44,713Jefferson Parish
34.3%
13,196Laramie County
33.6%
67,471Mesa
30.7%
10,845Bismarck
29.9%
39,904Anoka-Hennepin
24.8%
70,969Greenville
22.6%
140,558Wake County
20.4%
159,296Gwinnett County
19%
28,481Kanawha County
12.4%
31,213DeSoto County
4.4%
34,233Meridian
3.6%
27,880Baldwin County
2.9%
16,980Christina
2.2%
70,595Granite
0.7%

You're not logged in!

Compare scores with friends on all Sporcle quizzes.
OR
Log In

You Might Also Like...

Show Comments

Extras

Top Quizzes Today


Score Distribution

Your Account Isn't Verified!

In order to create a playlist on Sporcle, you need to verify the email address you used during registration. Go to your Sporcle Settings to finish the process.

Report this User

Report this user for behavior that violates our Community Guidelines.

Details: